000 01272pam a2200361 a 4500
999 _c29193
_d29164
001 015381646
003 EG-ScBUE
005 20210615110136.0
008 090918t2010 maua f 001 0 eng d
020 _a9781439081129 (pbk.)
020 _a1439081123 (pbk.)
040 _aStDuBDS
_beng
_erda
_cStDuBDS
_dUk
_dEG-ScBUE
082 0 4 _a004.678
_bSHE
_222
100 1 _aShelly, Gary B.,
_eauthor.
245 1 0 _aDiscovering the Internet :
_bcomplete concepts and techniques /
_cGary B. Shelly, H. Albert Napier, Ollie Rivers.
250 _aThird edition,
_binternational edition.
264 1 _aBoston, Massachusetts :
_bCourse Technology, Cengage Learning,
_c[2010]
264 4 _cc2010
300 _a1 volume (various pagings) :
_billustrations ;
_c27 cm.
336 _atext
_2rdacontent
_btxt
337 _aunmediated
_2rdamedia
_bn
338 _avolume
_2rdacarrier
_bnc
490 0 _aShelly Cashman series
500 _aFormerly CIP.
_5Uk
504 _aIncludes bibliographical references and index.
650 7 _aInternet.
_2BUEsh
653 _bCOMSCI
_cJune2021
655 _vReading book
_934232
700 1 _aNapier, H. Albert,
_d1944-
_eauthor.
700 1 _aRivers, Ollie N.,
_eauthor.
942 _2ddc
_cBB